| 000 | 00370nam a2200145 a 4500 | ||
|---|---|---|---|
| 005 | 20140412111429.0 | ||
| 008 | 090224s19uu xx 00 eng d | ||
| 020 | _a0-14-050725-6 | ||
| 050 |
_aTR(PS E _bSp68 1981 |
||
| 100 | _aHill, Eric | ||
| 245 |
_aSpot's first walk / _cEric Hill. |
||
| 260 |
_aU.S.A : _bPenguin books, _c1981. |
||
| 300 | _aunp. | ||
| 999 |
_c106306 _d106306 |
||